Soal wanita. (Record no. 63389)

MARC details
000 -LEADER
fixed length control field 00555cam a22002171 4500
001 - CONTROL NUMBER
control field sa 65003835
003 - CONTROL NUMBER IDENTIFIER
control field DLC
005 - DATE AND TIME OF LATEST TRANSACTION
control field 20260227112126.0
008 - FIXED-LENGTH DATA ELEMENTS--GENERAL INFORMATION
fixed length control field 860130s1961 io 000 0 ind
010 ## - LIBRARY OF CONGRESS CONTROL NUMBER
LC control number sa 65003835
025 ## - OVERSEAS ACQUISITION NUMBER
Overseas acquisition number PL480:Indo-1466
035 ## - SYSTEM CONTROL NUMBER
System control number (OCoLC)13084731
040 ## - CATALOGING SOURCE
Original cataloging agency DLC
Transcribing agency KyU
Modifying agency DLC
042 ## - AUTHENTICATION CODE
Authentication code premarc
050 00 - LIBRARY OF CONGRESS CALL NUMBER
Classification number PL5089.D4
Item number S6 1961
100 1# - MAIN ENTRY--PERSONAL NAME
Personal name Dewantara, Hadjar,
Dates associated with a name 1889-1959.
245 10 - TITLE STATEMENT
Title Soal wanita.
250 ## - EDITION STATEMENT
Edition statement Tjet. 2.
260 ## - PUBLICATION, DISTRIBUTION, ETC.
Place of publication, distribution, etc. Jogjakarta,
Name of publisher, distributor, etc. Madjelis Luhur Taman Siswa,
Date of publication, distribution, etc. 1961.
300 ## - PHYSICAL DESCRIPTION
Extent 20 p.
Dimensions 22 cm.

No items available.

Powered by Koha